| 000 | 00600nam a22001577a 4500 | ||
|---|---|---|---|
| 003 | OSt | ||
| 005 | 20150912132903.0 | ||
| 008 | 150912b xxu||||| |||| 00| 0 eng d | ||
| 040 | _cRUA | ||
| 082 | _aAGR អ៊ុំ 1996 BOO17 Or.1 | ||
| 100 |
_9319 _aអ៊ុំ កុសល |
||
| 245 | _aCredit in takeo province under supported by lws, (ការធ្វើឥទាននៅក្នុងខេត្តតាកែវក្រោមការឧបត្ថផភរបស់អង្គការLWS) | ||
| 260 |
_aPhnom phen . _bRUA. _c1996. |
||
| 300 |
_a55P. _bILL. _c29CM. |
||
| 942 |
_2ddc _cAGR |
||
| 999 |
_c299 _d299 |
||